Imposingly Populated Neighbors Quiz Stats

 Plays Quiz Updated Jul 2, 2018

Challenge
Share
Tweet
Embed
Score 0/30 Timer 08:00
1 Play Today
Rank Countries % Correct
1Italy / Vatican City
81.1%
8China / Mongolia
75.3%
7Spain / Andorra
68.4%
2France / Monaco
67.6%
4Italy / San Marino
67.6%
6France / Andorra
67.5%
29China / Nepal
67.5%
26China / North Korea
58%
9Brazil / Suriname
56.6%
18Germany / Luxembourg
56.4%
3China / Bhutan
55.8%
11Brazil / Guyana
54.1%
20France / Luxembourg
52.6%
22Russia / Estonia
51.3%
5India / Bhutan
50.7%
Rank Countries % Correct
25Russia / Latvia
49.9%
27Brazil / Uruguay
48.5%
30Russia / Mongolia
46.9%
10Mexico / Belize
46.6%
13Austria / Liechtenstein
43.7%
14Switzerland / Liechtenstein
43.4%
16China / Laos
42.4%
12China / Kyrgyzstan
35%
17China / Tajikistan
33.5%
15Indonesia / Timor Leste
32.5%
23China / Kazakhstan
28.3%
24Malaysia / Brunei
27.1%
21Ethiopia / Djibouti
21.4%
28China / Afghanistan
20.4%
19France / Suriname
10.3%

You're not logged in!

Compare scores with friends on all Sporcle quizzes.
OR
Log In

You Might Also Like...

Show Comments

Extras

Top Quizzes Today


Score Distribution

Your Account Isn't Verified!

In order to create a playlist on Sporcle, you need to verify the email address you used during registration. Go to your Sporcle Settings to finish the process.

Report this User

Report this user for behavior that violates our Community Guidelines.

Details: